000 00688nam a2200241 a 4500
003 CBULib
005 20260513095948.0
008 220907s2018 ||||||||||||||||| || u
020 _a9781509851034
040 _bEnglish
_cCBULib
_dCBULib
_erda
041 _aeng
050 _aPR 1 .D53
100 _aDiamond, Lucy
_95445
245 1 0 _aOn a beautiful day
_c / by Lucy Diamond
260 _aLondon :
_b Pan Macmillan,
_c2018
300 _a488 pages
336 _2rdacontent
_aText |
_btxt
337 _2rdamedia
_aUnmediated |
_bn
338 _2rdacarrier
_aVolume
_bnc
650 0 _aENGLISH LANGUAGE
_9166
942 _2lcc
_c002
999 _c52563
_d52563